000 00677nam a2200241Ia 4500
003 OSt
005 20221005035026.0
006 a|||||r|||| 00| 0
007 ta
008 221004b |||||||| |||| 00| 0 eng d
024 _a70773
037 _cTextual
040 _aCRL
_cCRL
_beng
041 _2eng
_aeng
082 _aY5927.2:(Z), N2
100 _aGomango Giridhar
_9408574
245 0 _aConstitutionel provisions for the scheduled castes and the scheduled tribes
260 _aDelhi
_bhimalaya India
_c1992
300 _a259p
_ccm.
650 _aSOCIOLOGY
942 _hY5927.2:(Z), N2
_cTEXL
_2cc
999 _c944488
_d944488